000
00331nam a2200145Ia 4500
003
OSt
005
20240322143641.0
008
170523s9999 xx 000 0 und d
020
_a
978-0137465781
040
_c
iimtu meerut
100
_a
VAZSORIY
245
0
_a
QUANTITATIVE ANALYSIS FOR BUSINESS
260
_b
PHI
942
_2
ddc
_c
02
999
_c
1859
_d
1859